[Event "Unterfranken-ch HT 55th"]
[Site "Bad Koenigshofen"]
[Date "2004.04.17"]
[Round "9"]
[White "Rauscher, Manfred"]
[Black "Hartlaub, Marianne"]
[Result "1-0"]
[WhiteElo "1679"]
[BlackElo "1756"]
[PlyCount "59"]
[EventDate "2004.04.12"]
[EventType "swiss"]
[EventRounds "9"]
[EventCountry "GER"]
[SourceTitle "EXT 2015"]
[Source "ChessBase"]
[SourceDate "2014.11.20"]
[SourceVersion "1"]
[SourceVersionDate "2014.11.20"]
[SourceQuality "1"]

1. e4 d6 2. c3 Nf6 3. d3 e5 4. Nf3 Bg4 5. Be2 Bxf3 6. Bxf3 Be7 7. 0-0 0-0 8. Nd2 c6 9. Nc4 b5 10. Ne3 g6 11. Ng4 Nbd7 12. Bh6 Re8 13. Be2 Bf8 14. Bg5 Bg7 15. f4 Qb6+ 16. Kh1 Nxg4 17. Bxg4 Nf8 18. f5 f6 19. Bd2 d5 20. fxg6 hxg6 21. Qb3 Rad8 22. Bf3 Kh7 23. exd5 cxd5 24. Bxd5 Nd7 25. Qc2 Nc5 26. d4 f5 27. Rf3 Bf6 28. Rh3+ Kg7 29. Bh6+ Kh8 30. Bf8+ 1-0

[Event "Unterfranken-ch H2 46th"]
[Site "Karlburg"]
[Date "1995.??.??"]
[Round "?"]
[White "Herrmann, Stefan"]
[Black "Rauscher, Manfred"]
[Result "1-0"]
[WhiteElo "1740"]
[BlackElo "1614"]
[PlyCount "63"]
[EventDate "1995.04.17"]
[EventType "swiss"]
[EventRounds "9"]
[EventCountry "GER"]
[SourceTitle "EXT 2015"]
[Source "ChessBase"]
[SourceDate "2014.11.20"]
[SourceVersion "1"]
[SourceVersionDate "2014.11.20"]
[SourceQuality "1"]

1. e4 e5 2. Bc4 Nf6 3. d4 Nc6 4. d5 Ne7 5. Nc3 d6 6. Bg5 Ng6 7. Nf3 Be7 8. h3 Bd7 9. Qd2 0-0 10. 0-0-0 a6 11. Bd3 b5 12. g4 c5 13. Bxf6 Bxf6 14. Bf1 Nh4 15. Qe3 h6 16. Ne2 b4 17. Ng3 Bb5 18. Nf5 Nxf3 19. Qxf3 Bg5+ 20. Kb1 c4 21. h4 Bf4 22. g5 hxg5 23. hxg5 Qxg5 24. Qh3 f6 25. Nxd6 Qh6 26. Qe6+ Kh7 27. Rxh6+ Bxh6 28. Bh3 Ra7 29. Qg4 Bd7 30. Nf5 g6 31. Rg1 gxf5 32. Qg6+ 1-0